Estatísticas para Países Nunca Colonizados por Europeus

Clique aqui para jogar o quiz

Estatísticas Gerais

  • Esse quiz foi jogado 4 303 vezes
  • A pontuação média é 10 de 16

Estatísticas das Respostas

ContinentePaís% Correto
ÁsiaChina
91%
ÁsiaJapão
91%
ÁsiaCoreia do Sul
81%
ÁsiaCoreia do Norte
80%
ÁsiaMongólia
73%
ÁsiaIrã
69%
ÁsiaNepal
65%
ÁsiaArábia Saudita
63%
ÁsiaButão
63%
ÁfricaEtiópia
61%
ÁsiaTailândia
61%
ÁsiaAfeganistão
59%
ÁsiaIêmen
51%
OceaniaTonga
47%
ÁsiaTurquia
46%
ÁfricaLibéria
45%

Distribuição das Pontuações

Percentil de Números Respondidos

Porcentagem de Pessoas com Cada Pontuação

Sua Pontuação Histórica

Você não jogou esse quiz